000
00336nam a22001457a 4500
008
221208b ||||| |||| 00| 0 eng d
020
_a
9781133591726
041
_a
eng
080
_2
THIRD EDITION
_a
573
082
_a
573RUS
100
_a
16.1
101
_a
BIOLO
245
_a
BIOLOGY THE DYNAMIC SCIENCE
_c
RUSSELL
942
_2
udc
_c
BK
999
_c
59143
_d
59143